Biblioteca

The foundations of New Testament Christology (Registro nro. 47179)

Detalles MARC
000 -LÍDER
Campo fijo de descripción fija 01254cam a2200301 i 4500
001 - NÚMERO DE CONTROL
Campo de control 20828
003 - IDENTIFICADOR DEL NÚMERO DE CONTROL
Campo de control CO-MdFUSB
005 - FECHA Y HORA DE LA ULTIMA TRANSACCIÓN
control field 20180622074843.0
008 - ELEMENTOS DE LONGITUD FIJA -- INFORMACIÓN GENERAL
Campo fijo de descripción fija -- Información general 161020t1965 xxu||||g |||| 00| 0 eng d
020 ## - NÚMERO INTERNACIONAL NORMALIZADO PARA LIBROS
Número Internacional Normalizado del libro 65-27240
040 ## - FUENTE DE CATALOGACIÓN
Agencia de catalogación original CO-MdFUSB
Idioma de catalogación Español
Agencia que realiza la transcripción CO-MdFUSB
Agencia que realiza la modificación CO-MdFUSB
Convenciones de la descripción rda
041 ## - CÓDIGO DE IDIOMA
Código de idioma para texto/pista de sonido o título separado eng
082 ## - NÚMERO DE CLASIFICACIÓN DECIMAL DEWEY
Número de la edición del Dewey 24
Número de clasificación 232
Clave de autor-Numero de item F965f
100 1# - ASIENTO PRINCIPAL--NOMBRE PERSONAL
Nombre personal Fuller, Reginald H.
Término relacionador autor
245 04 - TÍTULO
Título del Material The foundations of New Testament Christology
Mención de responsabilidad, etc. / Reginald H. Fuller
264 #1 - PRODUCCIÓN, PUBLICACIÓN, DISTRIBUCIÓN, MANUFACTURA, Y COPYRIGHT
Lugar de producción, publicación, distribución, manufactura New York :
Nombre del productor, publicador, distribuidor Charles Scribner's Sons,
Fecha de producción, publicación, distribución, manufactura, o copyright ℗[1965]
264 #4 - PRODUCCIÓN, PUBLICACIÓN, DISTRIBUCIÓN, MANUFACTURA, Y COPYRIGHT
Fecha de producción, publicación, distribución, manufactura, o copyright ©1965
300 ## - DESCRIPCIÓN FÍSICA
Extensión 268 páginas
336 ## - TIPO DE CONTENIDO
Fuente rdacontent
Término de tipo de contenido
Código de tipo de contenido
337 ## - TIPO DE MEDIO
Fuente rdamedia
Nombre del tipo de medio
Código del tipo de medio
338 ## - TIPO DE SOPORTE
Fuente rdacarrier
Nombre del tipo de soporte
Código Tipo de soporte
501 ## - NOTA DE “CON”
Nota de Contenido Pasta dura
505 01 - NOTA DE CONTENIDO
Nota de contenido con formato preestablecido El enfoque de la cristología del Nuevo Testamento - El judaísmo palestino - El judaísmo helenístico - El gentilicio helenístico - El Jesús histórico: Su auto-comprensión - El kerigma de la iglesia primitiva: La cristología de dos focos - La misión judía helenística: La cristología de dos etapas - La misión del gentilicio helenístico: La cristología de tres etapas - Construyendo sobre los cimientos
600 #7 - ASIENTO SECUNDARIO DE MATERIA - NOMBRE PERSONAL
Nombre personal Jesucristo
Subdivisión general Historia y crítica
650 #7 - ASIENTO SECUNDARIO DE MATERIA - TERMINO TEMÁTICO
9 (RLIN) 239
Término temático o nombre geográfico como elemento de entrada Cristología
942 ## - TIPO DE MATERIAL (KOHA)
Tipo de Item KOHA Libros General
Existencias
Estado de Material Estado de Perdido Forma de Clasificación Estado de Dañado No para Préstamo Colección Tomo Biblioteca de Origen Biblioteca Permanente Fecha de Adquisición Total de Préstamos Signatura Topográfica Código de Barras Última vez visto Ejemplar/Existencia Fecha de Remplazo Tipo de Material
    Dewey Decimal Classification     Colección General   Biblioteca FUSBC Biblioteca FUSBC 26/08/2015   G 232 F965f 20041 12/12/2019 Ej. 1 26/01/2016 Libros General

Biblioteca FUSBC | Teléfono: (57+4) 349 88 10 Ext. 141| WhatsApp (+57) 3005338115 
E-mail: biblioteca@unisbc.edu.co | Calle 76 87-14 Robledo Palenque, Medellín, Colombia

Con tecnología Koha